000 00953njm a22002657a 4500
005 20100918124238.0
007 sd ammalaaahaa
008 100913t xxu||||| |||| 00| 0 hin d
028 _a2392 964
_bMusic India
035 _aGR-03549
040 _aSED/VEN
100 _aJalota, Anup
_91184
245 _aModus of Anup Jalota /
_cby Anup Jalota
_h[sound recording] :
260 _aDum Dum India
_bMusic India
_c1981
300 _a1 sound disc [Gramophone record] :
_banalog, 33 1/3 rpm
_c12.5 in. (LP)
_fGramophone Record
500 _aBrief Record
500 _aRecord label :Music India, White
505 _aSide-1 (Kya hua tera har ek roz -Nazam) (Anup Jalota) Side-२ (Abhi kal ki baat hai) (Anup Jalota)
600 _aJalota, Anup
_919992
650 _aGhazals
_xExcerpts
_zIndia
_919603
650 _920612
700 _920637
942 _2ddc
_cGR
999 _c46743
_d46743